Random Knowledge Quiz #26 - Statistics

General Stats
  • This quiz has been taken 222 times
  • The average score is 7 of 15
Answer Stats
Question Answer % Correct
Which phone company has a series of computing and mobile computing devices named Galaxy? Samsung
88%
What is McDonald's mascot called? Ronald McDonald
86%
Where was Titanic going? New York
80%
Which country won the FIFA World Cup in 2023? Spain
57%
During the Black Death in the 14th century, how many days did ships have to wait in the Venetian lagoon before they were permitted to disembark? 30 to 40 days
53%
What was Melanie Chisholm, a.k.a. Mel C's nick name in Spice Girls? Sporty Spice
53%
And what term, widely used in 2020-2021, was born from this practice? Quarantine
52%
What's the name of the AI-powered language model developed by OpenAI, capable of generating human-like text based on context and past conversations? ChatGPT
48%
What are Meriadoc Brandybuck and Peregrin Took? Hobbits
33%
In which country do reportedly about 31% people believe in elves? Iceland
33%
Finish these lyrics: "So no one told you life was gonna be this way / Your job's a joke, you're broke / Your love life's..." DOA
32%
Which animal has the longest tail of any land mammal? Giraffe
28%
What is the world's most traded good? Cars
26%
Which cartoon dog appears on NASA's award for "For professionalism, dedication and outstanding support that greatly enhanced space flight safety and mission success."? Snoopy
25%
Which musician has been on his "Never Ending Tour" since 07 June 1988? Bob Dylan
6%
No matching quizzes found
Score Distribution
Percent of People with Each Score
Percentile by Number Answered
Your Score History
You have not taken this quiz